000 00715nam a2200241 i 4500
001 C2-0099655
003 PPAK
005 20180727094859.0
008 970526s1995 io |||| ||||| | may d
020 _a9796051729
040 _aPPAK
_beng
_cPPAK
_erda
082 0 4 _a500
_223
090 0 0 _a500
_bHAW
_dG
100 1 _aHawking, Stephen,
_eauthor
245 1 0 _aLubang hitam dan jagat bayi :
_bdan esai-esai lain = black holes and baby universes and other essays
264 1 _aJakarta, Indonesia :
_bGramedia Pustaka Utama ,
_c1995
300 _aix, 186 pages ;
_c23 cm
336 _2rdacontent
_atext
337 _2rdamedia
_aunmediated
338 _2rdacarrier
_avolume
650 1 0 _aScience
942 _ddc
_cB
999 _c22332
_d22332